000 00543nam a2200229Ia 4500
003 OSt
005 20221007101910.0
006 a|||||r|||| 00| 0
007 ta
008 221006b |||||||| |||| 00| 0 eng d
024 _a8,705
037 _cBound Volume
040 _aLCO
_cLCO
_beng
041 _2eng
_aeng
082 _aZm2,N87, M7
245 0 _aUNREPORTED JUDGEMENTS, 1987
260 _c1987
490 _v19
650 _aUNREPORTED JUDGEMENTS
942 _hZm2,N87, M7
_cCR
999 _c1178268
_d1178268